<?xml version="1.0" encoding="UTF-8"?>
<record
    xmlns:xsi="http://www.w3.org/2001/XMLSchema-instance"
    xsi:schemaLocation="http://www.loc.gov/MARC21/slim http://www.loc.gov/standards/marcxml/schema/MARC21slim.xsd"
    xmlns="http://www.loc.gov/MARC21/slim">

  <leader>02569nam a2200253 a 4500</leader>
  <controlfield tag="001">000015192</controlfield>
  <controlfield tag="003">OSt</controlfield>
  <controlfield tag="005">20240305090729.0</controlfield>
  <controlfield tag="008">100203s2005    dr abc        000 0 spa d</controlfield>
  <datafield tag="020" ind1=" " ind2=" ">
    <subfield code="a">999343356X</subfield>
  </datafield>
  <datafield tag="040" ind1=" " ind2=" ">
    <subfield code="a">DO-SdBNP</subfield>
    <subfield code="b">spa</subfield>
    <subfield code="c">BNPHU</subfield>
  </datafield>
  <datafield tag="082" ind1=" " ind2=" ">
    <subfield code="a">972.93</subfield>
    <subfield code="b">F825h, 2005</subfield>
  </datafield>
  <datafield tag="100" ind1="1" ind2=" ">
    <subfield code="a">Franco, Franklin J.,</subfield>
    <subfield code="d">1936-</subfield>
    <subfield code="9">34417</subfield>
  </datafield>
  <datafield tag="245" ind1="1" ind2="0">
    <subfield code="a">Historia del pueblo dominicano /</subfield>
    <subfield code="c">Franklin Franco Pichardo.</subfield>
  </datafield>
  <datafield tag="250" ind1=" " ind2=" ">
    <subfield code="a">6a ed.</subfield>
  </datafield>
  <datafield tag="260" ind1=" " ind2=" ">
    <subfield code="a">Santo Domingo :</subfield>
    <subfield code="b">Sociedad Editorial Dominicana,</subfield>
    <subfield code="c">[2005?].</subfield>
  </datafield>
  <datafield tag="300" ind1=" " ind2=" ">
    <subfield code="a">xxxiv, 659 p. :</subfield>
    <subfield code="b">il., map., retrs. ;</subfield>
    <subfield code="c">26 cm.</subfield>
  </datafield>
  <datafield tag="490" ind1="1" ind2=" ">
    <subfield code="a">Ediciones Taller</subfield>
    <subfield code="v">1264</subfield>
  </datafield>
  <datafield tag="505" ind1="0" ind2=" ">
    <subfield code="a">Precedentes del encuentro -- Del proyecto de Col&#xF3;n a las capitulaciones de Santa Fe -- El encuentro de dos mundos --La conquista de la isla espa&#xF1;ola -- Se inicia desgracia de Col&#xF3;n -- Gobierno del Virrey Diego Col&#xF3;n -- Gobierno de los padres Jer&#xF3;nimos -- Los problemas religiosos, econ&#xF3;micos y pol&#xED;ticos de la esclavitud y la encomienda de los aborigenes -- Regresa al gobierno Diego Col&#xF3;n -- Esclavitud y azucar -- Gobierno del Obispo Ram&#xED;rez de Fuenleal -- Leyes nuevas desatan conflictos. Corsarios inician ataques -- El decaimiento econ&#xF3;mico y social en el Siglo XVII -- Nueva guerra entre Espa&#xF1;a e Inglaterra desata el corso y la pirater&#xED;a a principios del Siglo XVIII -- La situacin econ&#xF3;mica, social y pol&#xED;tica de la colonia francesa -- Los conflictos derivados del Tratado de Basilea -- Consecuencias pol&#xED;ticas, sociales y econ&#xF3;micas derivadas de la unificaci&#xF3;n de la isla --Del per&#xED;odo de la Espa&#xF1;a Boba -- Per&#xED;odo de integraci&#xF3;n con Hait&#xED; -- Duarte y las luchas sociales y pol&#xED;ticas por la independencia nacional --La situaci&#xF3;n econ&#xF3;mica y social: 1844-1850 -- Lucha entre Pedro Santana y Buenaventura B&#xE1;ez. La anexi&#xF3;n -- Hacia la guerra de la restauraci&#xF3;n -- Se inicia la Segunda Rep&#xFA;blica -- Los gobiernos liberales del partido azul y la situacin econ&#xF3;mica y social -- Hacia la consolidaci&#xF3;n de la hegemon&#xED;a norteamericana --El regimen dictatorial de C&#xE1;ceres -- De la monarqu&#xED;a a la intervencin militar norteamericana -- La intervenci&#xF3;n militar americana -- Gobierno de Horacio V&#xE1;squez -- La era de Trujillo -- Trujillo y las empresas azucareras -- Se inicia la crisis de la dictadura -- La invasi&#xF3;n del 14 de junio y sus consecuencias -- Gobierno del consejo de Estado -- El gobierno del profesor Juan Bosch --El triunvirato.</subfield>
  </datafield>
  <datafield tag="651" ind1=" " ind2="4">
    <subfield code="a">Rep&#xFA;blica Dominicana</subfield>
    <subfield code="x">Historia</subfield>
    <subfield code="9">170</subfield>
  </datafield>
  <datafield tag="830" ind1=" " ind2="1">
    <subfield code="a">Ediciones Taller</subfield>
    <subfield code="n">1264</subfield>
    <subfield code="9">34418</subfield>
  </datafield>
  <datafield tag="910" ind1=" " ind2=" ">
    <subfield code="a">Validado. Control de calidad MMOLINA</subfield>
  </datafield>
  <datafield tag="942" ind1=" " ind2=" ">
    <subfield code="2">ddc</subfield>
    <subfield code="c">LBS1</subfield>
  </datafield>
  <datafield tag="952" ind1=" " ind2=" ">
    <subfield code="0">0</subfield>
    <subfield code="1">0</subfield>
    <subfield code="5">4</subfield>
    <subfield code="7">0</subfield>
    <subfield code="8">DS</subfield>
    <subfield code="a">GR</subfield>
    <subfield code="b">GR</subfield>
    <subfield code="c">HD</subfield>
    <subfield code="d">2010-02-03</subfield>
    <subfield code="i">LF1</subfield>
    <subfield code="l">0</subfield>
    <subfield code="o">972.93 F825h, 2005</subfield>
    <subfield code="p">15192-30</subfield>
    <subfield code="r">2020-06-25</subfield>
    <subfield code="t">e. 3</subfield>
    <subfield code="w">2020-06-25</subfield>
    <subfield code="y">LFDS</subfield>
    <subfield code="Z">Pr&#xE9;stamo en sala</subfield>
  </datafield>
  <datafield tag="952" ind1=" " ind2=" ">
    <subfield code="0">0</subfield>
    <subfield code="1">0</subfield>
    <subfield code="5">4</subfield>
    <subfield code="7">0</subfield>
    <subfield code="8">DS</subfield>
    <subfield code="a">GR</subfield>
    <subfield code="b">GR</subfield>
    <subfield code="c">HD</subfield>
    <subfield code="d">2010-02-03</subfield>
    <subfield code="i">LF1</subfield>
    <subfield code="l">0</subfield>
    <subfield code="o">972.93 F825h, 2005</subfield>
    <subfield code="p">15192-40</subfield>
    <subfield code="r">2020-06-25</subfield>
    <subfield code="t">e. 4</subfield>
    <subfield code="w">2020-06-25</subfield>
    <subfield code="y">LFDS</subfield>
    <subfield code="Z">Pr&#xE9;stamo en sala</subfield>
  </datafield>
  <datafield tag="952" ind1=" " ind2=" ">
    <subfield code="0">0</subfield>
    <subfield code="1">1</subfield>
    <subfield code="5">4</subfield>
    <subfield code="7">0</subfield>
    <subfield code="8">DS</subfield>
    <subfield code="a">GR</subfield>
    <subfield code="b">GR</subfield>
    <subfield code="c">MI</subfield>
    <subfield code="d">2010-02-03</subfield>
    <subfield code="i">LF1</subfield>
    <subfield code="l">0</subfield>
    <subfield code="o">972.93 F825h, 2005</subfield>
    <subfield code="p">15192-50</subfield>
    <subfield code="r">2020-06-25</subfield>
    <subfield code="t">e. 5</subfield>
    <subfield code="w">2020-06-25</subfield>
    <subfield code="y">LFDS</subfield>
    <subfield code="Z">Pr&#xE9;stamo en sala</subfield>
  </datafield>
  <datafield tag="952" ind1=" " ind2=" ">
    <subfield code="0">0</subfield>
    <subfield code="1">0</subfield>
    <subfield code="7">1</subfield>
    <subfield code="8">PD</subfield>
    <subfield code="a">PD</subfield>
    <subfield code="b">PD</subfield>
    <subfield code="c">HD</subfield>
    <subfield code="d">2010-02-03</subfield>
    <subfield code="i">LF1</subfield>
    <subfield code="l">0</subfield>
    <subfield code="o">972.93 F825h, 2005</subfield>
    <subfield code="p">15192-10</subfield>
    <subfield code="r">2020-06-25</subfield>
    <subfield code="w">2020-06-25</subfield>
    <subfield code="y">LFPD</subfield>
    <subfield code="Z">No se presta</subfield>
  </datafield>
  <datafield tag="952" ind1=" " ind2=" ">
    <subfield code="0">0</subfield>
    <subfield code="1">0</subfield>
    <subfield code="7">1</subfield>
    <subfield code="8">PD</subfield>
    <subfield code="a">PD</subfield>
    <subfield code="b">PD</subfield>
    <subfield code="c">HD</subfield>
    <subfield code="d">2010-02-03</subfield>
    <subfield code="i">LF1</subfield>
    <subfield code="l">0</subfield>
    <subfield code="o">972.93 F825h, 2005</subfield>
    <subfield code="p">15192-20</subfield>
    <subfield code="r">2020-06-25</subfield>
    <subfield code="t">e. 2</subfield>
    <subfield code="w">2020-06-25</subfield>
    <subfield code="y">LFPD</subfield>
    <subfield code="Z">No se presta</subfield>
  </datafield>
  <datafield tag="999" ind1=" " ind2=" ">
    <subfield code="c">14763</subfield>
    <subfield code="d">14763</subfield>
  </datafield>
</record>
